Zavádzanie inovácií ako nástroja na zvyšovanie konkurencieschopnosti podniku diplomová práca

Saved in:
Bibliographic Details
Main Author: Ďuricová, Kristína
Corporate Author: Fakulta podnikového manažmentu EU. Katedra podnikovohospodárska
Other Authors: Majdúchová, Helena, 1963-
Format: Book
Language:Slovak
Published: Bratislava 2018
Tags: Add Tag
No Tags, Be the first to tag this record!

MARC

LEADER 00000nbm a2200000 4500
001 0244576
005 20181004111034.4
041 0 |a slo 
044 |a SK 
245 1 0 |a Zavádzanie inovácií ako nástroja na zvyšovanie konkurencieschopnosti podniku  |b diplomová práca  |c Kristína Ďuricová ; školiteľ: Helena Majdúchová 
264 1 |a Bratislava  |c 2018 
300 |a 74 s. 
100 1 |a Ďuricová, Kristína 
700 1 |a Majdúchová, Helena, 1963- 
710 2 |a Fakulta podnikového manažmentu EU. Katedra podnikovohospodárska